Re-creating the corporation : (Record no. 347193)
[ view plain ]
| 000 -LEADER | |
|---|---|
| fixed length control field | 02293 a2200169 4500 |
| 020 ## - INTERNATIONAL STANDARD BOOK NUMBER | |
| International Standard Book Number | 0195123875 (hardcover) |
| 020 ## - INTERNATIONAL STANDARD BOOK NUMBER | |
| International Standard Book Number | 9780195123876 (hardcover) |
| 082 04 - DEWEY DECIMAL CLASSIFICATION NUMBER | |
| Classification number | 658 |
| 090 ## - LOCALLY ASSIGNED LC-TYPE CALL NUMBER (OCLC); LOCAL CALL NUMBER (RLIN) | |
| -- | 4762 |
| -- | 4762 |
| 100 1# - MAIN ENTRY--PERSONAL NAME | |
| Personal name | Ackoff, Russell L. |
| 245 10 - TITLE STATEMENT | |
| Title | Re-creating the corporation : |
| Remainder of title | a design of organizations for the 21st century / |
| Statement of responsibility, etc. | Russell L. Ackoff. |
| 260 ## - PUBLICATION, DISTRIBUTION, ETC. | |
| Place of publication, distribution, etc. | [S.l.] : |
| Name of publisher, distributor, etc. | Oxford University Press, USA, |
| Date of publication, distribution, etc. | 1999. |
| 300 ## - PHYSICAL DESCRIPTION | |
| Extent | 352 p. ; |
| Dimensions | 24 cm. |
| 520 ## - SUMMARY, ETC. | |
| Summary, etc. | Over the last three decades the average life expectancy of a corporation in North America has dipped well below 20 years. In fact, by 1983 a full third of the 1970 Fortune 500 companies had been acquired, merged, or broken apart. In this landmark book, one of the business world's foremost pioneers, Russell L. Ackoff, delivers this indispensable guide for those hoping to beat these odds--and to better navigate the corporate challenges of the next millennium. While most business and management schools continue to teach the functions of a corporation separately--production, marketing, finance, personnel--the reality is that for a corporation to endure each division must work with the others to create an effective system. Re-Creating the Corporation is Ackoff's masterful blueprint for understanding and creating these model corporate systems. In four comprehensive sections--Background, Process, Designs, and Change--Ackoff lays out in clear concise prose the five organizational goals of successful corporate systems: plan effectively, learn and adapt rapidly, democratize, introduce internal market economies, and employ a flexible structure that will minimize the need for future restructuring. And through a deft mix of practical and theoretical examples drawn from a wide range of applications in a wide range of firms, this book ultimately guides executives to the system best suited to meet their organizational goals. Re-Creating the Corporation, which is the culmination of a lifetime of innovative and insightful business thought from one of the business world's premier thinkers, is essential reading for those attempting to navigate the rapidly changing economic environment of the next millennium. |
| 856 40 - ELECTRONIC LOCATION AND ACCESS | |
| Materials specified | Amazon.com |
| Uniform Resource Identifier | <a href="http://www.amazon.com/exec/obidos/ASIN/0195123875/chopaconline-20">http://www.amazon.com/exec/obidos/ASIN/0195123875/chopaconline-20</a> |
| 942 ## - ADDED ENTRY ELEMENTS (KOHA) | |
| Institution code [OBSOLETE] | NBS |
| Koha item type | Book |
| Call number prefix | 658 ACK |
| Withdrawn status | Lost status | Damaged status | Not for loan | Permanent Location | Current Location | Date acquired | Total Checkouts | Full call number | Barcode | Date last seen | Price effective from | Koha item type |
|---|---|---|---|---|---|---|---|---|---|---|---|---|
| Central Library (CL) | Central Library (CL) | 08/28/2013 | 658 ACK | NBS6899 | 08/28/2013 | 08/28/2013 | Book |
